<?xml version="1.0" encoding="UTF-8"?>
<record
    xmlns:xsi="http://www.w3.org/2001/XMLSchema-instance"
    xsi:schemaLocation="http://www.loc.gov/MARC21/slim http://www.loc.gov/standards/marcxml/schema/MARC21slim.xsd"
    xmlns="http://www.loc.gov/MARC21/slim">

  <leader>00498nam a2200181Ia 4500</leader>
  <controlfield tag="008">230718s9999    xx            000 0 und d</controlfield>
  <datafield tag="020" ind1=" " ind2=" ">
    <subfield code="a">9789389538472</subfield>
  </datafield>
  <datafield tag="041" ind1=" " ind2=" ">
    <subfield code="a">eng</subfield>
  </datafield>
  <datafield tag="082" ind1=" " ind2=" ">
    <subfield code="a">342.54</subfield>
    <subfield code="b">LAX</subfield>
  </datafield>
  <datafield tag="100" ind1=" " ind2=" ">
    <subfield code="a">Laxmikanth M.</subfield>
  </datafield>
  <datafield tag="245" ind1=" " ind2=" ">
    <subfield code="a">Indian Polity </subfield>
    <subfield code="b">For Civil services And Other State Examinations</subfield>
  </datafield>
  <datafield tag="250" ind1=" " ind2=" ">
    <subfield code="a">6th </subfield>
  </datafield>
  <datafield tag="260" ind1=" " ind2=" ">
    <subfield code="c">2020</subfield>
    <subfield code="b">McGraw Hill</subfield>
  </datafield>
  <datafield tag="300" ind1=" " ind2=" ">
    <subfield code="a">732</subfield>
  </datafield>
  <datafield tag="365" ind1=" " ind2=" ">
    <subfield code="c">Rs.</subfield>
    <subfield code="b">890.00</subfield>
  </datafield>
  <datafield tag="700" ind1=" " ind2=" ">
    <subfield code="a">Laxmikanth M.</subfield>
  </datafield>
  <datafield tag="906" ind1=" " ind2=" ">
    <subfield code="d">O:0724212-Feb-2021B:IN50901-Feb-2021</subfield>
    <subfield code="c">GENRL</subfield>
    <subfield code="b">222.5</subfield>
  </datafield>
  <datafield tag="999" ind1=" " ind2=" ">
    <subfield code="c">351811</subfield>
    <subfield code="d">351811</subfield>
  </datafield>
  <datafield tag="952" ind1=" " ind2=" ">
    <subfield code="0">0</subfield>
    <subfield code="1">0</subfield>
    <subfield code="4">0</subfield>
    <subfield code="7">0</subfield>
    <subfield code="a">CCEP</subfield>
    <subfield code="b">CCEP</subfield>
    <subfield code="d">2021-02-12</subfield>
    <subfield code="e">Pradeep Book Distributors</subfield>
    <subfield code="f">GENRL</subfield>
    <subfield code="g">667.50</subfield>
    <subfield code="i">IN509</subfield>
    <subfield code="l">14</subfield>
    <subfield code="o">342.54</subfield>
    <subfield code="p">CCEP-BK-63022</subfield>
    <subfield code="r">2026-03-04 10:29:25</subfield>
    <subfield code="s">2026-02-20</subfield>
    <subfield code="t">222.5</subfield>
    <subfield code="v">890.00</subfield>
    <subfield code="w">2021-02-01</subfield>
    <subfield code="y">BK</subfield>
    <subfield code="z">063022</subfield>
  </datafield>
</record>
